বাংলাদেশের মুক্তিযুদ্ধ : (Record no. 104407)
[ view plain ]
| 000 -LEADER | |
|---|---|
| fixed length control field | 00870nam a22001937a 4500 |
| 003 - CONTROL NUMBER IDENTIFIER | |
| control field | BD-DhUL |
| 005 - DATE AND TIME OF LATEST TRANSACTION | |
| control field | 20160906144818.0 |
| 008 - FIXED-LENGTH DATA ELEMENTS--GENERAL INFORMATION | |
| fixed length control field | 160906s2009 bg ||||| |||| 00| 0 ben |
| 040 ## - CATALOGING SOURCE | |
| Original cataloging agency | BD-DhUL |
| Transcribing agency | BD-DhUL |
| 082 ## - DEWEY DECIMAL CLASSIFICATION NUMBER | |
| Classification number | 954.92 |
| Item number | BAN |
| 110 2# - MAIN ENTRY--CORPORATE NAME | |
| Corporate name or jurisdiction name as entry element | বাংলাদেশ সেনাবাহিনী, শিক্ষা পরিদপ্তর |
| 245 00 - TITLE STATEMENT | |
| Title | বাংলাদেশের মুক্তিযুদ্ধ : |
| Remainder of title | ষষ্ঠ খণ্ড / |
| Statement of responsibility, etc. | বাংলাদেশ সেনাবাহিনী, শিক্ষা পরিদপ্তর |
| 260 ## - PUBLICATION, DISTRIBUTION, ETC. (IMPRINT) | |
| Place of publication, distribution, etc. | ঢাকা : |
| Name of publisher, distributor, etc. | এশিয়া, |
| Date of publication, distribution, etc. | ২০০৯. |
| 300 ## - PHYSICAL DESCRIPTION | |
| Extent | খ. : |
| Other physical details | চিত্র ; |
| Dimensions | ২২ সেমি. |
| 504 ## - BIBLIOGRAPHY, ETC. NOTE | |
| Bibliography, etc | সূচী : খ.১, পর্ব-১ |
| 651 #0 - SUBJECT ADDED ENTRY--GEOGRAPHIC NAME | |
| Geographic name | বাংলাদেশ - ইতিহাস |
| 651 #0 - SUBJECT ADDED ENTRY--GEOGRAPHIC NAME | |
| Geographic name | Bangladesh-History |
| 942 ## - ADDED ENTRY ELEMENTS (KOHA) | |
| Source of classification or shelving scheme | |
| Koha item type | Books |
| Price effective from | Date last seen | Permanent Location | Not for loan | Date acquired | Source of classification or shelving scheme | Koha item type | Lost status | Withdrawn status | Copy number | Source of acquisition | Collection code | Damaged status | Shelving location | Barcode | Current Location | Full call number |
|---|---|---|---|---|---|---|---|---|---|---|---|---|---|---|---|---|
| 2016-09-06 | 2016-09-06 | Dhaka University Library | 2016-09-06 | Books | 1 | Purchased | Non Fiction | General Stacks | 442197 | Dhaka University Library | 954.92 BAN | |||||
| 2016-09-06 | 2016-09-06 | Dhaka University Library | 2016-09-06 | Books | 2 | Purchased | Non Fiction | General Stacks | 442189 | Dhaka University Library | 954.92 BAN | |||||
| 2016-09-06 | 2016-09-06 | Dhaka University Library | 2016-09-06 | Books | 3 | Purchased | Non Fiction | General Stacks | 442181 | Dhaka University Library | 954.92 BAN | |||||
| 2016-09-06 | 2016-09-06 | Dhaka University Library | 2016-09-06 | Books | 5 | Purchased | Non Fiction | General Stacks | 455228 | Dhaka University Library | 954.92 BAN | |||||
| 2016-09-06 | 2016-09-06 | Dhaka University Library | 2016-09-06 | Books | 6 | Purchased | Non Fiction | General Stacks | 455236 | Dhaka University Library | 954.92 BAN |
